00591nam a2200181Ia 4500008004100000100002000041245011100061245002200172260003000194260000900224300003200233440003200265650002200297650001800319650002600337650002700363999001900390190422s9999 xx 000 0 und d aCloete, Melanie 4aThe impact of an integrated assessment on the critical thinking skills of first year university students / cmelanie Cloete.-- bTaylor and Francis Group  c2018 apages 479-494, October 2018 aAccounting Educationv27(5) aCritical Thinking aEmployability aIntegrated Assessment aWorkplace Requirements c361475d361475